Double Trouble Island Countries - 2 - Statistics

General Stats
  • This quiz has been taken 163 times
  • The average score is 19 of 20
Answer Stats
Double Trouble Island % Correct
Jilanka / Fisri Fiji
100%
Laufi / Paji Fiji
100%
Rusralia / Austcyp Australia
99%
Uatumas / Bahavan Bahamas
99%
Urucap / Naeverde Cape Verde
99%
Samoa
99%
Sri Lanka
99%
Cyprus
98%
Sabru / Neimoa Brunei
97%
Gaoros / Comton Comoros
97%
Nauru
97%
Palau
97%
Tonga
97%
Vanuatu
97%
Cubic / Elanda Cuba
96%
Iceland
94%
Seychelles
94%
Gaporesey / Chellessin Singapore
94%
Madagascar
93%
Gascarind / Onesiamada Indonesia
92%
No matching quizzes found
Score Distribution
Percent of People with Each Score
Percentile by Number Answered
Your Score History
You have not taken this quiz